000 00550nam a22001817a 4500
003 OSt
005 20140310182507.0
008 130220t xxu||||| |||| 00| 0 eng d
020 _a9789719339984
050 _aGV 341
_b.D582 2009
100 _aDimapilis, Nenita J.
_98931
245 _aCollege P.E. 1 :
_cNenita J. Dimapilis, Lorna A. Espeso, Ma. Luisa Gadilla-Isip.
_bphysical fitness and gymnastics /
260 _aManila :
_bMindshapers,
_cc2009.
300 _a172 p. :
_c23 cm.
_bill. ;
562 _e1
942 _2lcc
_cSSLC
999 _c13872
_d13872